<?xml version="1.0" encoding="UTF-8"?>
<record
    xmlns:xsi="http://www.w3.org/2001/XMLSchema-instance"
    xsi:schemaLocation="http://www.loc.gov/MARC21/slim http://www.loc.gov/standards/marcxml/schema/MARC21slim.xsd"
    xmlns="http://www.loc.gov/MARC21/slim">

  <leader>01802nam a22002417a 4500</leader>
  <controlfield tag="005">20240801103511.0</controlfield>
  <controlfield tag="008">240730b           ||||| |||| 00| 0 eng d</controlfield>
  <datafield tag="020" ind1=" " ind2=" ">
    <subfield code="a">9788119792207</subfield>
  </datafield>
  <datafield tag="040" ind1=" " ind2=" ">
    <subfield code="c">AL</subfield>
  </datafield>
  <datafield tag="041" ind1=" " ind2=" ">
    <subfield code="a">English</subfield>
  </datafield>
  <datafield tag="082" ind1=" " ind2=" ">
    <subfield code="2">23</subfield>
    <subfield code="a">658.4092</subfield>
    <subfield code="b">WILL</subfield>
  </datafield>
  <datafield tag="100" ind1=" " ind2=" ">
    <subfield code="a">Dave Williams and others</subfield>
    <subfield code="9">174669</subfield>
  </datafield>
  <datafield tag="245" ind1=" " ind2=" ">
    <subfield code="a">Leadership Moments from Nasa: Achieving the Impossible</subfield>
  </datafield>
  <datafield tag="260" ind1=" " ind2=" ">
    <subfield code="a">Ahmedabad</subfield>
    <subfield code="b">Jaico Publishing House</subfield>
    <subfield code="c">2021</subfield>
  </datafield>
  <datafield tag="300" ind1=" " ind2=" ">
    <subfield code="a">xv,310 p.</subfield>
    <subfield code="b">PB</subfield>
    <subfield code="c">22.7x15 cm.</subfield>
  </datafield>
  <datafield tag="365" ind1=" " ind2=" ">
    <subfield code="a">2488</subfield>
    <subfield code="b">&#x20B9;479.00</subfield>
    <subfield code="c">&#x20B9;</subfield>
    <subfield code="d">&#x20B9;599.00</subfield>
    <subfield code="e">20%</subfield>
    <subfield code="f">17-07-2024</subfield>
  </datafield>
  <datafield tag="520" ind1=" " ind2=" ">
    <subfield code="a">The NASA way: lessons on leadership, teamwork and corporate culture. How does NASA take on seemingly insurmountable challenges, recover from tragedy and continue to attract the best and brightest talent?

Space exploration is as much a story of leadership and teamwork as it is a story of exploration and discovery. Leadership Moments from NASA delves into the culture of the famed organization and examines the leadership styles and insights of NASA senior executives spanning five decades of human spaceflight to share the lessons they learned from critical moments.

How did they prioritize? How did they resolve differences? How did they decide what to do when no one had done it before? How did they build highly competent teams? How did they build organizational resilience? How did they fight complacency and rebuild a culture of safety and innovation?

Through the use of NASA oral histories and interviews, this book shows how NASA recovered from tragedy and adversity, and how it developed a culture of competency that continues to attract the best and brightest.</subfield>
  </datafield>
  <datafield tag="650" ind1=" " ind2=" ">
    <subfield code="a">Business</subfield>
    <subfield code="9">174547</subfield>
  </datafield>
  <datafield tag="650" ind1=" " ind2=" ">
    <subfield code="a">Leadership</subfield>
    <subfield code="9">174670</subfield>
  </datafield>
  <datafield tag="700" ind1=" " ind2=" ">
    <subfield code="a">WILLIAMS (Dave)</subfield>
    <subfield code="9">174548</subfield>
  </datafield>
  <datafield tag="700" ind1=" " ind2=" ">
    <subfield code="a">HOWELL (Elizabeth)</subfield>
    <subfield code="9">174549</subfield>
  </datafield>
  <datafield tag="942" ind1=" " ind2=" ">
    <subfield code="2">ddc</subfield>
    <subfield code="c">BK</subfield>
  </datafield>
  <datafield tag="999" ind1=" " ind2=" ">
    <subfield code="c">231539</subfield>
    <subfield code="d">231539</subfield>
  </datafield>
  <datafield tag="952" ind1=" " ind2=" ">
    <subfield code="0">0</subfield>
    <subfield code="1">0</subfield>
    <subfield code="2">ddc</subfield>
    <subfield code="4">0</subfield>
    <subfield code="7">0</subfield>
    <subfield code="8">PSY</subfield>
    <subfield code="a">AL</subfield>
    <subfield code="b">AL</subfield>
    <subfield code="d">2024-07-22</subfield>
    <subfield code="e">Biblios Book Point Surathkal Mangalore 575014</subfield>
    <subfield code="g">479.00</subfield>
    <subfield code="l">0</subfield>
    <subfield code="o">658.4092 WILL</subfield>
    <subfield code="p">077254</subfield>
    <subfield code="r">2024-07-30 00:00:00</subfield>
    <subfield code="v">599.00</subfield>
    <subfield code="w">2024-07-30</subfield>
    <subfield code="y">BK</subfield>
  </datafield>
</record>
